[Event "Mississauga Fall op"]
[Site "Mississaouga CAN"]
[Date "2022.10.09"]
[Round "5.3"]
[White "Mendes, Aaron Reeve"]
[Black "Munro, Allan"]
[Result "1/2-1/2"]
[WhiteElo "2145"]
[BlackElo "2156"]
[PlyCount "130"]
[EventDate "2022.10.07"]
[EventType "swiss"]
[EventRounds "5"]
[EventCountry "CAN"]

1. e4 c6 2. c4 d5 3. cxd5 cxd5 4. exd5 Nf6 5. Nc3 Nxd5 6. Nf3 Nc6 7. Bb5 Nb6 8.
d4 e6 9. O-O Be7 10. Bxc6+ bxc6 11. Ne5 Bb7 12. Qf3 O-O 13. Be3 Qd6 14. Qg3 f6
15. Bh6 g6 16. Bxf8 Kxf8 17. Nf3 Qxg3 18. hxg3 c5 19. dxc5 Bxc5 20. Rfe1 e5 21.
Ne4 Be7 22. g4 Rc8 23. g5 f5 24. Nf6 Bxf3 25. gxf3 h6 26. Rxe5 hxg5 27. Nd5
Nxd5 28. Rxd5 Rc2 29. Rb5 Bc5 30. Rf1 Kf7 31. a4 Bd4 32. b4 Rb2 33. a5 Kf6 34.
Rb7 Ke5 35. b5 Kf4 36. Kg2 g4 37. fxg4 Kxg4 38. Rd7 Bc5 39. Rd5 Rc2 40. Rb1
Bxf2 41. Kf1 Kf3 42. b6 axb6 43. a6 Ra2 44. Rd6 Be3 45. Rxg6 Rxa6 46. Rg2 f4
47. Rh2 Ra8 48. Rh3+ Ke4 49. Rb4+ Bd4 50. Rh4 Ra1+ 51. Ke2 Ra2+ 52. Kd1 Rf2 53.
Ke1 Rf3 54. Ke2 Re3+ 55. Kd2 Rd3+ 56. Ke2 Rg3 57. Rxf4+ Kxf4 58. Rxd4+ Ke5 59.
Rb4 Rg6 60. Kd3 Kd5 61. Kc2 Kc5 62. Rh4 Rg3 63. Kb2 b5 64. Kc2 b4 65. Rh8 Kc4
1/2-1/2

[Event "Mississauga Fall op"]
[Site "Mississaouga CAN"]
[Date "2022.10.09"]
[Round "5.4"]
[White "Liu, Henry"]
[Black "Khanna, Ravi"]
[Result "1/2-1/2"]
[WhiteElo "2182"]
[BlackElo "2047"]
[PlyCount "112"]
[EventDate "2022.10.07"]
[EventType "swiss"]
[EventRounds "5"]
[EventCountry "CAN"]

1. d4 Nf6 2. Bf4 Nc6 3. d5 Nb4 4. c4 e6 5. Nc3 Be7 6. a3 Na6 7. d6 Bxd6 8. Bxd6
cxd6 9. Qxd6 Qe7 10. Qxe7+ Kxe7 11. e4 b6 12. f3 Nc7 13. Nge2 e5 14. O-O-O Ba6
15. Ng3 g6 16. b3 Ne6 17. Bd3 Nd4 18. Kb2 Rhc8 19. Nge2 Ne6 20. Rd2 Rab8 21.
Rhd1 Bb7 22. Bb1 a6 23. a4 Bc6 24. f4 Nxf4 25. Nxf4 exf4 26. h3 Rb7 27. e5 Nh5
28. b4 b5 29. cxb5 axb5 30. a5 Ng3 31. Nd5+ Bxd5 32. Rxd5 Ne2 33. Kb3 Rbc7 34.
R5d2 Nc3 35. Rc1 Nxb1 36. Rxb1 Rc3+ 37. Kb2 R8c4 38. Ra1 Re3 39. a6 Rxb4+ 40.
Kc2 Rc4+ 41. Kd1 Rc8 42. a7 Ra8 43. Rd5 b4 44. Rb5 Ra3 45. Rxa3 bxa3 46. Ra5
Kd8 47. Rxa3 Kc7 48. Ra4 g5 49. h4 gxh4 50. Rxf4 Rxa7 51. Rxf7 Kc6 52. Rxh7 Kd5
53. Rxh4 Kxe5 54. Ke2 Ra3 55. Rh5+ Ke4 56. Rh4+ Ke5 1/2-1/2

[Event "Mississauga Fall op"]
[Site "Mississaouga CAN"]
[Date "2022.10.09"]
[Round "5.5"]
[White "Sharma, Vishruth"]
[Black "Kim, Noah"]
[Result "1-0"]
[WhiteElo "2155"]
[BlackElo "2077"]
[PlyCount "131"]
[EventDate "2022.10.07"]
[EventType "swiss"]
[EventRounds "5"]
[EventCountry "CAN"]

1. e4 c6 2. d4 d5 3. e5 Bf5 4. h4 h5 5. Bd3 Bxd3 6. Qxd3 e6 7. Bg5 Qa5+ 8. Nd2
Qa6 9. Qxa6 Nxa6 10. c3 c5 11. a3 Be7 12. Ngf3 Rc8 13. Ke2 cxd4 14. cxd4 Kd7
15. Rac1 Rxc1 16. Rxc1 Bxg5 17. hxg5 Ne7 18. Rh1 Ng6 19. g3 b6 20. Kd3 Nc7 21.
Nf1 a5 22. Ne3 Nb5 23. Nh4 Ne7 24. Nhg2 Nc6 25. Nc2 a4 26. g4 g6 27. Nf4 h4 28.
Rh3 Na5 29. Ne3 Rc8 30. Ne2 Nc4 31. Nxc4 dxc4+ 32. Ke4 Ke7 33. f4 Rd8 34. Rxh4
c3 35. bxc3 Nxa3 36. Kd3 b5 37. Nc1 Nc4 38. Rh2 Rc8 39. Na2 a3 40. Ke4 Rg8 41.
Nb4 Nb6 42. Ra2 Nc4 43. d5 Kd7 44. d6 Rh8 45. Kd4 Rh4 46. Kc5 Rxg4 47. Kxb5
Rxf4 48. Nd3 Rh4 49. Rf2 Ke8 50. Kc6 Na5+ 51. Kb6 Ra4 52. Nb4 Nb3 53. Kc6 Nd4+
54. Kb7 Nb3 55. Kb6 Nc1 56. Kc6 Ra8 57. Kb7 Ra4 58. Nc6 Nb3 59. Kc7 Nc5 60. Rh2
Kf8 61. Nb4 a2 62. Rxa2 Na6+ 63. Kb6 Rxa2 64. Nxa2 Nb8 65. Kc7 Na6+ 66. Kc8 1-0

[Event "Mississauga Fall op"]
[Site "Mississaouga CAN"]
[Date "2022.10.09"]
[Round "5.6"]
[White "Xu, Eddie"]
[Black "Oancea, Nicolae"]
[Result "1-0"]
[WhiteElo "2035"]
[BlackElo "2033"]
[PlyCount "57"]
[EventDate "2022.10.07"]
[EventType "swiss"]
[EventRounds "5"]
[EventCountry "CAN"]

1. e4 e6 2. d4 d5 3. Nc3 dxe4 4. Nxe4 Nd7 5. Nf3 Ngf6 6. Nxf6+ Nxf6 7. Bd3 b6
8. O-O Bb7 9. Re1 Be7 10. Bg5 O-O 11. c3 c5 12. dxc5 Bxc5 13. Qe2 Be7 14. Rad1
Qc7 15. Ne5 Nd5 16. Qe4 g6 17. Bxe7 Nxe7 18. Qf4 Nd5 19. Qg3 Rac8 20. c4 Nf6
21. Qh4 Nh5 22. Bxg6 fxg6 23. Rd7 Qc5 24. Rxb7 Rf4 25. Ng4 Rcf8 26. h3 Ng7 27.
Rd1 h5 28. Rdd7 Nf5 29. Nh6+ 1-0

[Event "Mississauga Fall op"]
[Site "Mississaouga CAN"]
[Date "2022.10.09"]
[Round "5.7"]
[White "Ajith, Aayush"]
[Black "Chen, Richard"]
[Result "1-0"]
[WhiteElo "2083"]
[BlackElo "2219"]
[PlyCount "95"]
[EventDate "2022.10.07"]
[EventType "swiss"]
[EventRounds "5"]
[EventCountry "CAN"]

1. d4 d5 2. c4 e6 3. Nc3 Nf6 4. cxd5 exd5 5. Bg5 Be7 6. Qc2 O-O 7. e3 c6 8. Bd3
h6 9. Bh4 Be6 10. Nge2 Nbd7 11. Nf4 c5 12. O-O g5 13. Nxe6 fxe6 14. Bg3 Nh5 15.
Be2 Qe8 16. Bg4 Ng7 17. Nb5 Nf6 18. Nc7 Qd7 19. Nxa8 Nxg4 20. Nc7 Bd6 21. Qe2
Nxh2 22. Bxh2 Bxh2+ 23. Kxh2 Qxc7+ 24. Kg1 c4 25. e4 Rf4 26. exd5 exd5 27. Qe5
Qxe5 28. dxe5 Kf7 29. g3 Rf5 30. f4 gxf4 31. gxf4 Nh5 32. b3 b5 33. a4 cxb3 34.
axb5 Nxf4 35. Rfb1 Ne2+ 36. Kg2 Nd4 37. Rxa7+ Ke6 38. b6 Rf8 39. Ra4 Nc6 40.
Rxb3 Kxe5 41. b7 Rb8 42. Ra8 Kd6 43. Rb6 Kc7 44. Rxc6+ Kxb7 45. Rxb8+ Kxc6 46.
Rh8 d4 47. Kf3 Kd5 48. Ke2 1-0

[Event "Mississauga November op"]
[Site "Mississauga CAN"]
[Date "2022.11.11"]
[Round "1.1"]
[White "Hua, Michelle"]
[Black "Abrahams, Daniel"]
[Result "0-1"]
[WhiteElo "1998"]
[BlackElo "2215"]
[PlyCount "78"]
[EventDate "2022.11.11"]
[EventType "swiss"]
[EventRounds "5"]
[EventCountry "CAN"]

1. e4 c5 2. Nf3 e6 3. d4 cxd4 4. Nxd4 a6 5. Be2 Nf6 6. Qd3 Qc7 7. O-O Nc6 8.
Nxc6 dxc6 9. Be3 Bd7 10. c4 c5 11. Nc3 Be7 12. f4 Rd8 13. e5 Bc6 14. Qc2 Nd7
15. Ne4 O-O 16. Rad1 Nxe5 17. Nc3 Nd7 18. Bf3 Nf6 19. Ne4 h6 20. b3 b6 21. Bc1
Rxd1 22. Rxd1 Rd8 23. Nxf6+ Bxf6 24. Rxd8+ Bxd8 25. Bxc6 Qxc6 26. Bb2 Bc7 27.
Be5 Bxe5 28. fxe5 Qd7 29. Qe2 Qd4+ 30. Kf1 h5 31. g3 Qg4 32. Qb2 Qf3+ 33. Kg1
Qe4 34. Qa3 a5 35. Qa4 Kh7 36. Qe8 Qb1+ 37. Kg2 Qxa2+ 38. Kh3 Qf2 39. Qb8 g5
0-1

[Event "Mississauga November op"]
[Site "Mississauga CAN"]
[Date "2022.11.11"]
[Round "1.2"]
[White "Munro, Allan"]
[Black "Qian, Eric"]
[Result "1-0"]
[WhiteElo "2136"]
[BlackElo "1965"]
[PlyCount "141"]
[EventDate "2022.11.11"]
[EventType "swiss"]
[EventRounds "5"]
[EventCountry "CAN"]

1. d4 d5 2. c4 e6 3. Nc3 Nf6 4. cxd5 exd5 5. Bg5 c6 6. e3 Be7 7. Bd3 Nbd7 8.
Nge2 h6 9. Bh4 Nh5 10. Bxe7 Qxe7 11. Qd2 Nb6 12. f3 Bd7 13. O-O O-O 14. g4 Nf6
15. Rae1 Rae8 16. Nf4 Qd6 17. h4 Re7 18. g5 Ne8 19. Qg2 Rxe3 20. Rxe3 Qxf4 21.
Rfe1 Qxh4 22. gxh6 Qxh6 23. Qh2 Qxh2+ 24. Kxh2 Nd6 25. b3 Nf5 26. Bxf5 Bxf5 27.
Re7 Nd7 28. Ne2 Rd8 29. Nf4 Kf8 30. R7e3 Nf6 31. Kg2 Rd7 32. Nh5 Be6 33. Nxf6
gxf6 34. b4 a6 35. Kf2 Ke7 36. Rh1 Kd6 37. Rh6 f5 38. Rh8 Kc7 39. Kg3 Kb6 40.
Rc3 Kc7 41. Kf4 Kd6 42. Re8 Rc7 43. Rc1 Kd7 44. Rb8 Kd6 45. Rh1 Re7 46. Rhh8
Kc7 47. Rbe8 Rd7 48. Ke3 Kd6 49. Rd8 Kc7 50. Rxd7+ Bxd7 51. Kf4 Kd6 52. Rb8 Kc7
53. Rf8 Be6 54. Ke5 Kd7 55. Kf6 Kd6 56. Re8 Bd7 57. Re7 Bc8 58. Rxf7 Bd7 59. f4
Bc8 60. a4 Bd7 61. a5 Bc8 62. Rf8 Bd7 63. Rd8 Kc7 64. Ke7 Bc8 65. Rd6 Kb8 66.
Kd8 Ka7 67. Kxc8 Ka8 68. Kc7 Ka7 69. Rd7 Ka8 70. Kb6 c5 71. Rd8# 1-0

[Event "Mississauga November op"]
[Site "Mississauga CAN"]
[Date "2022.11.11"]
[Round "1.3"]
[White "Joseph, Jonath"]
[Black "Sharma, Vishruth"]
[Result "0-1"]
[WhiteElo "1902"]
[BlackElo "2123"]
[PlyCount "60"]
[EventDate "2022.11.11"]
[EventType "swiss"]
[EventRounds "5"]
[EventCountry "CAN"]

1. e4 e5 2. Nc3 Nf6 3. Bc4 Nc6 4. d3 Na5 5. Qf3 c6 6. Bg5 Be7 7. O-O-O b5 8.
Bb3 h6 9. Be3 d5 10. Nce2 d4 11. Bd2 Nxb3+ 12. cxb3 g5 13. h4 g4 14. Qg3 Qd6
15. f4 Nh5 16. Qf2 f6 17. f5 a5 18. Ng3 Ng7 19. h5 a4 20. bxa4 Rxa4 21. Kb1 c5
22. Qe2 Qa6 23. a3 b4 24. Bc1 bxa3 25. Qxg4 axb2 26. Bxb2 O-O 27. Nh3 Be6 28.
Rhf1 Rb8 29. Kc1 Rxb2 30. Rf2 Ra1+ 0-1

[Event "Mississauga November op"]
[Site "Mississauga CAN"]
[Date "2022.11.11"]
[Round "2.1"]
[White "Abrahams, Daniel"]
[Black "Joseph Benher, Savio"]
[Result "1/2-1/2"]
[WhiteElo "2215"]
[BlackElo "2112"]
[PlyCount "90"]
[EventDate "2022.11.11"]
[EventType "swiss"]
[EventRounds "5"]
[EventCountry "CAN"]

1. c4 Nf6 2. Nc3 e6 3. e4 d5 4. cxd5 exd5 5. e5 Ne4 6. Nf3 Nc6 7. Bb5 Nxc3 8.
bxc3 a6 9. Bxc6+ bxc6 10. d4 Be7 11. O-O O-O 12. Bf4 Bf5 13. Qd2 Rb8 14. Bg5
Rb6 15. Rfc1 Bxg5 16. Nxg5 h6 17. Nf3 Be4 18. Ne1 f6 19. Nd3 Bxd3 20. Qxd3 fxe5
21. dxe5 Qg5 22. Re1 Re8 23. Qe2 Reb8 24. e6 c5 25. Rad1 Rd6 26. Rd3 Re8 27. e7
Qf5 28. Rf3 Qe4 29. Re3 Qg6 30. Re5 Qf7 31. Qd3 Rd7 32. g3 Rdxe7 33. Rxe7 Rxe7
34. Rxe7 Qxe7 35. Qxd5+ Kh7 36. Kg2 Qe1 37. Qd3+ Kh8 38. h4 a5 39. Qe3 Qb1 40.
a3 c4 41. Qe5 Qb7+ 42. Kh2 Qf3 43. Kg1 a4 44. h5 Qd1+ 45. Kg2 Qb3 1/2-1/2

[Event "Mississauga November op"]
[Site "Mississauga CAN"]
[Date "2022.11.11"]
[Round "2.2"]
[White "Sharma, Vishruth"]
[Black "Munro, Allan"]
[Result "1-0"]
[WhiteElo "2123"]
[BlackElo "2136"]
[PlyCount "109"]
[EventDate "2022.11.11"]
[EventType "swiss"]
[EventRounds "5"]
[EventCountry "CAN"]

1. e4 e5 2. Nf3 Nc6 3. Bb5 a6 4. Ba4 Nf6 5. O-O Be7 6. Re1 b5 7. Bb3 O-O 8. a4
d5 9. axb5 dxe4 10. bxc6 exf3 11. Qxf3 e4 12. Qc3 Rb8 13. Ra4 Bd6 14. d4 exd3
15. Qxd3 Bxh2+ 16. Kxh2 Qxd3 17. Bxf7+ Rxf7 18. cxd3 Bf5 19. Rd4 Rb6 20. Nc3
Rxc6 21. Bg5 Ng4+ 22. Kg1 h6 23. Bh4 g5 24. f3 Nf6 25. Bg3 Rd7 26. Rxd7 Bxd7
27. d4 Be8 28. Re7 Bf7 29. Rxc7 Rxc7 30. Bxc7 Nd5 31. Bd8 Nf4 32. Ba5 Bb3 33.
Bb4 Kf7 34. Ba3 Ke6 35. Kf2 a5 36. g3 Nd5 37. Ne4 Kf5 38. g4+ Kg6 39. Ke2 h5
40. gxh5+ Kxh5 41. Kd3 g4 42. fxg4+ Kxg4 43. Nc5 Nf4+ 44. Ke4 Bd1 45. Ke5 Bf3
46. Nb3 a4 47. Nc5 Bc6 48. Kd6 Bb5 49. Ne4 Ne2 50. Ke5 Bc6 51. d5 Bxd5 52. Kxd5
Nf4+ 53. Kc4 Kf3 54. Nc3 Ke3 55. Nd5+ 1-0

[Event "Mississauga November op"]
[Site "Mississauga CAN"]
[Date "2022.11.12"]
[Round "2.3"]
[White "Brajkovic, Nikola"]
[Black "Xu, Eddie"]
[Result "0-1"]
[WhiteElo "1951"]
[BlackElo "2057"]
[PlyCount "64"]
[EventDate "2022.11.11"]
[EventType "swiss"]
[EventRounds "5"]
[EventCountry "CAN"]

1. e4 e5 2. Nf3 Nc6 3. Bc4 Bc5 4. O-O Nf6 5. d3 d6 6. h3 h6 7. c3 Bb6 8. Na3 g5
9. Be3 g4 10. hxg4 Bxg4 11. Nc2 Rg8 12. Nce1 Nh5 13. Qd2 Qf6 14. Nh2 O-O-O 15.
Bxb6 axb6 16. f3 Bd7 17. g4 Nf4 18. Ng2 Nxg2 19. Qxg2 h5 20. Bb3 Ne7 21. Rae1
Ng6 22. Qd2 Nf4 23. Bd1 Rh8 24. Kh1 hxg4 25. fxg4 Rxh2+ 26. Qxh2 Rh8 27. Re3
Rxh2+ 28. Kxh2 Qh4+ 29. Kg1 Bxg4 30. Bxg4+ Qxg4+ 31. Kf2 Qg2+ 32. Ke1 Qxb2 0-1

[Event "Mississauga November op"]
[Site "Mississauga CAN"]
[Date "2022.11.12"]
[Round "2.5"]
[White "Qian, Eric"]
[Black "Joseph, Jonath"]
[Result "1-0"]
[WhiteElo "1965"]
[BlackElo "1902"]
[PlyCount "121"]
[EventDate "2022.11.11"]
[EventType "swiss"]
[EventRounds "5"]
[EventCountry "CAN"]

1. e4 e5 2. Nf3 Nc6 3. Bb5 a6 4. Ba4 d6 5. c3 f5 6. exf5 Bxf5 7. O-O Bd3 8. Re1
Nf6 9. Nd4 Qd7 10. Qf3 Bb5 11. Nxb5 axb5 12. Bxb5 Be7 13. d4 e4 14. Qe2 d5 15.
Nd2 O-O 16. f3 Qf5 17. fxe4 dxe4 18. Bc4+ Kh8 19. Nxe4 Nxe4 20. Qxe4 Qf2+ 21.
Kh1 Bd6 22. Bd3 g6 23. Bh6 Rf7 24. Rab1 Re7 25. Be3 Rxe4 26. Bxf2 Rxe1+ 27.
Rxe1 Rxa2 28. Re2 Ra1+ 29. Re1 Ra2 30. Re2 Ra1+ 31. Bg1 Kg7 32. g3 Rd1 33. Bc2
Rf1 34. Kg2 Rf8 35. Be4 Nd8 36. Bf3 c6 37. Be3 Nf7 38. b4 Ra8 39. Rb2 Ra3 40.
Bd2 Be7 41. Kf2 Bg5 42. Ke2 Bxd2 43. Kxd2 Nd6 44. Kd3 Kf6 45. d5 cxd5 46. Bxd5
Ra1 47. Kd4 b6 48. Rf2+ Nf5+ 49. Kc4 Kg5 50. Kb5 Rd1 51. c4 Ne7 52. Kxb6 Nxd5+
53. cxd5 Rxd5 54. b5 Rd1 55. Kb7 Rb1 56. b6 h5 57. Kc7 Rc1+ 58. Kb8 Rb1 59. b7
h4 60. gxh4+ Kxh4 61. Rf7 1-0

[Event "Mississauga November op"]
[Site "Mississauga CAN"]
[Date "2022.11.12"]
[Round "3.1"]
[White "Xu, Eddie"]
[Black "Joseph Benher, Savio"]
[Result "0-1"]
[WhiteElo "2057"]
[BlackElo "2112"]
[PlyCount "188"]
[EventDate "2022.11.11"]
[EventType "swiss"]
[EventRounds "5"]
[EventCountry "CAN"]

1. d4 Nf6 2. c4 e6 3. Nc3 Bb4 4. f3 c5 5. d5 O-O 6. e4 exd5 7. cxd5 d6 8. Nge2
Nbd7 9. Ng3 Ne5 10. Be2 Re8 11. O-O Bd7 12. Qc2 a6 13. a3 Ba5 14. Nd1 b5 15.
Ne3 c4 16. Nef5 Bxf5 17. Nxf5 Rc8 18. Kh1 Bb6 19. Bg5 h6 20. Bf4 Bc5 21. g4 Ng6
22. Bg3 Qb6 23. Qd2 Ne7 24. Bf4 Nxf5 25. gxf5 Kh7 26. Bd1 Nh5 27. Bg3 Nxg3+ 28.
hxg3 Bd4 29. Rb1 c3 30. bxc3 Rxc3 31. a4 b4 32. Be2 Bf6 33. Bd3 a5 34. Bb5 Re7
35. Rbd1 Qc5 36. Qf2 Rc7 37. Bc6 Qc4 38. Bb5 Qb3 39. Bc6 Rc8 40. Kg2 Qc4 41.
Rd2 b3 42. Re1 Rc1 43. Ree2 b2 44. Rxb2 Bd4 45. Rec2 Bxf2 46. Rxc4 Rxc4 47.
Kxf2 Rc3 48. Rb5 Kg8 49. Rxa5 Rb8 50. Rb5 Rxb5 51. axb5 Kf8 52. b6 Ke7 53. b7
Rb3 54. g4 Kd8 55. f4 Kc7 56. g5 hxg5 57. fxg5 f6 58. gxf6 gxf6 59. Ke2 Kb8 60.
Kd2 Ka7 61. Ke2 Rh3 62. Kf2 Kb8 63. Ke2 Rh8 64. Kf3 Kc7 65. Kg4 Rh1 66. Kf3 Rg1
67. Kf2 Rg8 68. Kf3 Kb6 69. Kf4 Rb8 70. Kg4 Rh8 71. Kf4 Rg8 72. Ke3 Kc5 73. Ba4
Kc4 74. Kf4 Rb8 75. Bc6 Kd4 76. Kf3 Rh8 77. Ba4 Ke5 78. Bb5 Kd4 79. Ba4 Kc5 80.
Kf4 Kb6 81. Bc6 Kc7 82. Kg4 Rh1 83. Kf3 Rb1 84. Ke3 Kd8 85. Kd4 Rb6 86. Kc4 Ke7
87. Kd4 Kf7 88. Ke3 Kg7 89. Kf4 Kh6 90. Kg4 Rb4 91. Kf4 Kh5 92. Kf3 Kg5 93. Kg3
Rb3+ 94. Kg2 Kf4 0-1

[Event "Mississauga November op"]
[Site "Mississauga CAN"]
[Date "2022.11.12"]
[Round "3.2"]
[White "Qian, Eric"]
[Black "Hua, Michelle"]
[Result "1-0"]
[WhiteElo "1965"]
[BlackElo "1998"]
[PlyCount "75"]
[EventDate "2022.11.11"]
[EventType "swiss"]
[EventRounds "5"]
[EventCountry "CAN"]

1. e4 e5 2. Nf3 Nc6 3. Bb5 a6 4. Ba4 Nf6 5. O-O b5 6. Bb3 Be7 7. Re1 O-O 8. a4
Bb7 9. c3 d6 10. d4 Nb8 11. dxe5 dxe5 12. Nxe5 Qxd1 13. Bxd1 Bxe4 14. Nd2 Bd5
15. Ng6 hxg6 16. Rxe7 Nbd7 17. Nf3 Rae8 18. Rxe8 Rxe8 19. Bf4 c6 20. h3 Nc5 21.
axb5 axb5 22. Bc2 Ne6 23. Be3 Rb8 24. Nd4 Nxd4 25. Bxd4 Re8 26. Bd3 Rc8 27. Ra7
Be6 28. Kf1 Nd5 29. Bc5 Nf4 30. Be4 Bc4+ 31. Kg1 f5 32. Bf3 Nd3 33. Bd4 Bf7 34.
b4 Nf4 35. Kh2 Ne6 36. Be3 Nc7 37. Bxc6 Bc4 38. Bd7 1-0

[Event "Mississauga November op"]
[Site "Mississauga CAN"]
[Date "2022.11.12"]
[Round "3.3"]
[White "Munro, Allan"]
[Black "Joseph, Jonath"]
[Result "1/2-1/2"]
[WhiteElo "2136"]
[BlackElo "1902"]
[PlyCount "63"]
[EventDate "2022.11.11"]
[EventType "swiss"]
[EventRounds "5"]
[EventCountry "CAN"]

1. d4 d5 2. c4 e6 3. Nc3 Nf6 4. cxd5 exd5 5. Bg5 Nbd7 6. e3 c6 7. Bd3 Be7 8.
Nge2 h6 9. Bh4 Nh5 10. Bxe7 Qxe7 11. Qd2 Nhf6 12. f3 c5 13. O-O O-O 14. Rae1
cxd4 15. exd4 Nb6 16. Ng3 Qb4 17. Qf2 Bd7 18. a3 Qd6 19. Rc1 a6 20. Nf5 Bxf5
21. Bxf5 Rfe8 22. Rc2 Nc4 23. Nd1 Qf4 24. Bd3 Ne3 25. Nxe3 Rxe3 26. Rd1 Rae8
27. Bf1 g6 28. Re2 Rxe2 29. Bxe2 Nh5 30. Bf1 Ng7 31. Qd2 Qxd2 32. Rxd2 1/2-1/2

[Event "Mississauga November op"]
[Site "Mississauga CAN"]
[Date "2022.11.12"]
[Round "4.1"]
[White "Joseph Benher, Savio"]
[Black "Sharma, Vishruth"]
[Result "1/2-1/2"]
[WhiteElo "2112"]
[BlackElo "2123"]
[PlyCount "91"]
[EventDate "2022.11.11"]
[EventType "swiss"]
[EventRounds "5"]
[EventCountry "CAN"]

1. e4 e5 2. Nf3 Nc6 3. Bb5 a6 4. Ba4 Nf6 5. d3 d6 6. c4 g6 7. h3 Bg7 8. Nc3 O-O
9. O-O Nd7 10. Be3 Nd4 11. Bxd4 exd4 12. Ne2 c5 13. Rb1 Rb8 14. b4 b5 15. Bb3
bxc4 16. Bxc4 Rxb4 17. Rxb4 cxb4 18. Nexd4 Qb6 19. Nc2 Nc5 20. Ne3 Be6 21. Nd5
Bxd5 22. Bxd5 Qb5 23. Bc4 Qd7 24. Qd2 a5 25. Qf4 Ne6 26. Qg4 h5 27. Qg3 a4 28.
Ng5 Nxg5 29. Qxg5 Rc8 30. Qa5 Rb8 31. Rb1 Kh7 32. Qd5 Bc3 33. Qxf7+ Qxf7 34.
Bxf7 b3 35. axb3 Rb5 36. Rc1 axb3 37. Rxc3 b2 38. Ba2 Ra5 39. Rb3 Rxa2 40. Kh2
h4 41. Rb7+ Kh6 42. f4 g5 43. f5 g4 44. hxg4 Kg5 45. Rb4 Kxg4 46. e5+ 1/2-1/2

[Event "Mississauga November op"]
[Site "Mississauga CAN"]
[Date "2022.11.12"]
[Round "4.2"]
[White "Abrahams, Daniel"]
[Black "Qian, Eric"]
[Result "1-0"]
[WhiteElo "2215"]
[BlackElo "1965"]
[PlyCount "97"]
[EventDate "2022.11.11"]
[EventType "swiss"]
[EventRounds "5"]
[EventCountry "CAN"]

1. c4 e6 2. Nc3 Nf6 3. e4 d5 4. cxd5 exd5 5. e5 Nfd7 6. d4 c6 7. f4 Bb4 8. Nf3
Nb6 9. Bd3 N8d7 10. O-O Qc7 11. f5 Nf8 12. Bf4 g6 13. Ng5 Qe7 14. e6 fxe6 15.
fxe6 Bxe6 16. Re1 O-O-O 17. Qe2 Re8 18. Qe5 Bd6 19. Qxd6 Qxd6 20. Bxd6 Kd7 21.
Bxf8 Rhxf8 22. Nxh7 Rf4 23. g3 Rf3 24. Kg2 Rxd3 25. Nf6+ Ke7 26. Nxe8 Rd2+ 27.
Kg1 Kxe8 28. Rxe6+ Kf7 29. Re2 Rd3 30. Rf1+ Kg7 31. Re7+ Kh6 32. Rf6 Rxd4 33.
Ree6 Rg4 34. Ne2 d4 35. Nf4 d3 36. Rxg6+ Rxg6 37. Rxg6+ Kh7 38. Rd6 Nc4 39.
Rd7+ Kg8 40. Nxd3 Na5 41. h4 Kf8 42. h5 Ke8 43. Rg7 Kf8 44. h6 Nc4 45. Rxb7 Kg8
46. Rxa7 Nd6 47. Ne5 Nf5 48. h7+ Kh8 49. Ng6# 1-0

[Event "Mississauga November op"]
[Site "Mississauga CAN"]
[Date "2022.11.15"]
[Round "4.3"]
[White "Zhong, Ryan Yunhui"]
[Black "Xie, Irene"]
[Result "1-0"]
[WhiteElo "1673"]
[BlackElo "1626"]
[PlyCount "66"]
[EventDate "2022.11.11"]
[EventType "swiss"]
[EventRounds "5"]
[EventCountry "CAN"]

1. d4 d5 2. c4 c6 3. Nc3 Nf6 4. Nf3 dxc4 5. a4 Bf5 6. Ne5 Nbd7 7. Nxc4 Nb6 8.
Ne5 a5 9. f3 Nfd7 10. Nxd7 Nxd7 11. e4 Bg6 12. Be2 Qb6 13. f4 e5 14. dxe5 Nc5
15. f5 Rd8 16. Nd5 cxd5 17. Bb5+ Nd7 18. Bd2 Bc5 19. fxg6 Bf2+ 20. Ke2 O-O 21.
gxh7+ Kh8 22. Rf1 Bc5 23. Bg5 f6 24. exf6 Nxf6 25. e5 Qe6 26. Bxf6 Rxf6 27. Kd2
Qxe5 28. Kc2 Rdf8 29. Kb3 Rf2 30. Rb1 Qe4 31. Qd3 Qb4+ 32. Ka2 Bd4 33. Qb3
Qxb3+ 1-0

[Event "Mississauga November op"]
[Site "Mississauga CAN"]
[Date "2022.11.12"]
[Round "4.4"]
[White "Hua, Michelle"]
[Black "Brajkovic, Nikola"]
[Result "1-0"]
[WhiteElo "1998"]
[BlackElo "1951"]
[PlyCount "63"]
[EventDate "2022.11.11"]
[EventType "swiss"]
[EventRounds "5"]
[EventCountry "CAN"]

1. d4 Nf6 2. Bf4 g6 3. Nc3 Bg7 4. e4 d6 5. Qd2 Nbd7 6. Bh6 O-O 7. O-O-O e5 8.
d5 Bxh6 9. Qxh6 Ng4 10. Qd2 Kg7 11. f3 Nh6 12. g4 a6 13. h4 Ng8 14. Bd3 f6 15.
g5 Nc5 16. Qg2 Rf7 17. Nge2 f5 18. exf5 Nxd3+ 19. Rxd3 Bxf5 20. Rdd1 Qd7 21. h5
Re8 22. Rh4 Kf8 23. hxg6 Bxg6 24. f4 b5 25. fxe5 dxe5 26. Ng3 Kg7 27. Nge4 Rf4
28. Rxf4 exf4 29. Nc5 Qd6 30. Ne6+ Kh8 31. Qf2 h6 32. Qd4+ 1-0

[Event "Mississauga November op"]
[Site "Mississauga CAN"]
[Date "2022.11.13"]
[Round "5.1"]
[White "Sharma, Vishruth"]
[Black "Abrahams, Daniel"]
[Result "1-0"]
[WhiteElo "2123"]
[BlackElo "2215"]
[PlyCount "79"]
[EventDate "2022.11.11"]
[EventType "swiss"]
[EventRounds "5"]
[EventCountry "CAN"]

1. e4 c5 2. Nf3 e6 3. d4 cxd4 4. Nxd4 a6 5. c4 Nf6 6. Nc3 Qc7 7. a3 b6 8. Be3
Bb7 9. f3 Nc6 10. Be2 Be7 11. O-O Bd6 12. f4 Nxd4 13. Qxd4 Bc5 14. Qd3 O-O 15.
e5 Ne8 16. Ne4 Bxe3+ 17. Qxe3 d6 18. Ng5 h6 19. Nf3 Rb8 20. Rad1 d5 21. cxd5
Bxd5 22. Nd4 Qb7 23. Qg3 f5 24. Qg6 Qd7 25. Bf3 Qf7 26. Qxf7+ Rxf7 27. Bxd5
exd5 28. e6 Rf6 29. Nc6 Rb7 30. Rxd5 Rc7 31. Nd4 g6 32. Re1 Kf8 33. Rd7 Rc4 34.
g3 b5 35. Kf2 Nc7 36. e7+ Ke8 37. Rd8+ Kf7 38. e8=Q+ Nxe8 39. Rdxe8 Rxd4 40.
R1e7# 1-0

[Event "Mississauga November op"]
[Site "Mississauga CAN"]
[Date "2022.11.13"]
[Round "5.2"]
[White "Munro, Allan"]
[Black "Joseph Benher, Savio"]
[Result "1-0"]
[WhiteElo "2136"]
[BlackElo "2112"]
[PlyCount "81"]
[EventDate "2022.11.11"]
[EventType "swiss"]
[EventRounds "5"]
[EventCountry "CAN"]

1. d4 Nf6 2. Bg5 e6 3. e4 h6 4. Bxf6 Qxf6 5. c3 d6 6. Bc4 g6 7. Ne2 Bg7 8. O-O
O-O 9. Nd2 e5 10. f4 exd4 11. Nxd4 Nc6 12. Nxc6 bxc6 13. Qc2 Qe7 14. Kh1 Kh8
15. Rae1 Bd7 16. Nf3 Rab8 17. Qf2 Rb6 18. Re2 Bg4 19. h3 Bxf3 20. Qxf3 Rbb8 21.
Bd3 Rbe8 22. Rfe1 Qf6 23. Bc2 Rb8 24. Bb3 Rbd8 25. Rf1 Rfe8 26. Ba4 d5 27. e5
Qe6 28. g4 f5 29. gxf5 gxf5 30. Rg2 Rg8 31. Rfg1 Kh7 32. Qh5 Rdf8 33. Bc2 c5
34. Rg6 Qf7 35. e6 Qe7 36. Bxf5 Rxf5 37. Qxf5 Kh8 38. Qf7 Qh4 39. R1g3 Qh5 40.
Rxg7 Qd1+ 41. Kh2 1-0

[Event "Mississauga November op"]
[Site "Mississauga CAN"]
[Date "2022.11.13"]
[Round "5.3"]
[White "Qian, Eric"]
[Black "Xu, Eddie"]
[Result "0-1"]
[WhiteElo "1965"]
[BlackElo "2057"]
[PlyCount "128"]
[EventDate "2022.11.11"]
[EventType "swiss"]
[EventRounds "5"]
[EventCountry "CAN"]

1. e4 e5 2. Nf3 Nc6 3. Bb5 a6 4. Ba4 Nf6 5. O-O Be7 6. Re1 b5 7. Bb3 d6 8. c3
O-O 9. h3 Bb7 10. d4 Re8 11. Ng5 Rf8 12. Nf3 h6 13. Nbd2 Re8 14. Nf1 Bf8 15.
Ng3 Na5 16. Bc2 Nc4 17. b3 Nb6 18. Bd2 exd4 19. cxd4 c5 20. d5 b4 21. Nf5 a5
22. Nh2 Nbd7 23. Ng4 Nxg4 24. Qxg4 Kh8 25. h4 Bc8 26. Bc1 Qf6 27. Rb1 Ne5 28.
Qg3 Bxf5 29. exf5 Nf3+ 30. gxf3 Rxe1+ 31. Kg2 Qe7 32. Bb2 Rxb1 33. f6 Rxb2 34.
fxe7 Bxe7 35. Be4 g6 36. h5 gxh5 37. Qh3 Kg7 38. Qf5 Rg8 39. Kf1 Bh4 40. Bc2
Rh8 41. Ke2 Rxa2 42. Kd3 a4 43. Qxh5 c4+ 44. bxc4 Bg5 45. f4 Ra3+ 46. Ke2 Re8+
47. Kf1 Bxf4 48. Qg4+ Bg5 49. f4 Ra1+ 50. Bd1 Re4 51. Kg2 Rxf4 52. Qe2 Rd4 53.
Qb2 Raxd1 54. Qxb4 a3 55. Qxd6 a2 56. Qe5+ Bf6 57. Qg3+ Kh7 58. Qc7 Rg4+ 59.
Kf3 Rg7 60. Qc8 a1=Q 61. Qf5+ Kh8 62. Qc8+ Rg8 63. Qf5 Rf1+ 64. Ke4 Qd4# 0-1